1588 1263 1211 1494 1977 1310 1549 1623 1021 1103 1089 1482 1420 1013 1768 1172 1113 1958 1302 1128 1051 1907 1314 1022 1502 1457 1397 1188 1498 1370 1929 1621 1978 1365 1030 1558 1933 1684 1994 1582 1833 1086 1979 1046 1477 1742 1960 1447 1943 1217 1305 1055 1240 1484 1445 1729 1105 1507 1090 1561 1972 1973 1666 1869 1230 1582 1861 1774 1377 1335 1324 1100 1879 1514 1161 1536 1376 1063 1927 1652 1017 1694 1872 1980 1725 1071 1378 1479 1780 1226 1066 1074 1270 1486 1070 1354 1370 1966 1516 BCNSPRNW ULIB Ver.6.0+V

เปลี่ยนเป็นภาษาไทย

Change to English
 แสดงรายละเอียดบรรณานุกรม
  กลับหน้าหลัก

Brief Record : Get Marc (ISO 2709) : E-mail record : QR code < ปิดหน้าต่าง
LEADER : 00000nam 2200000uu 4500
001    13399124681
003     ULIB
008    151202s2009||||th 000 0 eng d
020    ^a0323053041 (paperback) ^c^56.95
020    ^a9780323053044 (paperback)
060  4 WY18.2^bS273M
100 1  ^aEdD, Dolores F. Saxton RN BSEd MA MPS
245 10 ^aMosby^'s comprehensive review of nursing for nclex-rn&^174; examination, 19e / ^cDolores F. Saxton RN BSEd MA MPS EdD, Judith S. Green RN AA BA MA, Mary Ann Hellmer Saul RNCS AAS BS MS PhD, Patricia M. Nugent RN AAS BS MS EdM EdD, Phyllis K. Pelikan RN AAS BS MA.
250    ^a19th ed.
260    ^a[S.l.] : ^bMosby, ^c2009.
300    ^a880 p. ; ^c28 cm.
520    ^aCelebrating its 60th anniversary, Mosby’s Comprehensive Review of Nursing for the NCLEX-RN&^174; Examination, 19th Edition is now completely reorganized and in full-color for an even better studying experience! Content is divided into units covering the core areas of medical-surgical, pediatric, maternity/women’s health, and mental health nursing. Smaller chapters within the units break down information into smaller, more manageable pieces for a complete review of key content. NCLEX-RN&^174; examination-style questions, including the newest alternate item formats, follow each unit and help you master the content and practice with critical thinking questions seen on the exam. With over 4,100 questions with rationales in the book and on the companion CD-ROM for practice in print and electronic formats, this all-inclusive review is a vital study tool for the NCLEX-RN&^174; exam. A clear, concise outline format presents in-depth content review from all core clinical areas in an easy-to-study design. Detailed rationales for both correct and incorrect answer options ensure effective and efficient test preparation. Three modes - study, quiz, and exam - on the companion CD provide customized practice. Two comprehensive exams coded by clinical area, client needs categories, and nursing process help you evaluate your strengths and weaknesses and guide your study. More alternate item format questions than ever provide additional practice with these important critical thinking questions. Additional illustrations and tables help you visualize and understand essential nursing content. An overview of the latest NCLEX-RN&^174; test plan highlights the latest changes and content additions to better prepare you for the exam. UNIQUE! A “Get Updates&^148; link on the Companion CD provides access to the latest content and software updates.
700 1  ^aMA, Judith S. Green RN AA BA
700 1  ^aPhD, Mary Ann Hellmer Saul RNCS AAS BS MS
700 1  ^aEdD, Patricia M. Nugent RN AAS BS MS EdM
700 1  ^aMA, Phyllis K. Pelikan RN AAS BS
945    ^p0^l0^i027382
999    ^aเกษร โพธิ์สุวรรณ
รายการนี้ยังไม่มีแท็ก
คุณยังไม่ได้ล็อกอิน คุณสามารถมีกิจกรรมร่วมกับเว็บไซต์ได้ แต่ต้องล็อกอินก่อน ::
  ล็อกอิน

รายการสื่อสารสนเทศ

ลำดับที่ ประเภท เลขเรียก/บาร์โค้ด สถานที่ สถานะ
1. Book การพยาบาล
Book การพยาบาล
WY18.2 S273M ฉ.1 
  Barcode: 027382
ห้องสมุดวิทยาเขตสวรรค์ประชารักษ์
►หนังสือทั่วไป
บนชั้น

BibComment


ยังไม่เคยถูกคอมเมนท์

คอมเมนท์ทรัพยากรรายการนี้
  คอมเมนท์: Mosbys comprehen..


 Copyright 2026. Bcnsprnw @Library